LEADER 00830nam0 2200265 450 001 000007915 005 20110902122739.0 010 $a978-88-7075-539-8 100 $a20070528d2007----km-y0itay50------ba 101 0 $aita 102 $aIT 105 $ay-------001yy 200 1 $a<>raccolte delle biblioteche$eprogetto e gestione$fGiovanni Solimine 210 $aMilano$cBibliografica$dstampa 2007 215 $a239 p.$d21 cm 225 2 $aBibliografia e biblioteconomia$v55 410 0$12001$aBibliografia e biblioteconomia 610 1 $aBiblioteche$aOrganizzazione 676 $a025.2$v21 700 1$aSolimine,$bGiovanni$06055 801 0$aIT$bUNIPARTHENOPE$c20070528$gRICA$2UNIMARC 912 $a000007915 951 $a020-R/1$b39281$cNAVA1$d2007 996 $aRaccolte delle biblioteche$9232766 997 $aUNIPARTHENOPE LEADER 00848nam0 2200217 450 001 000022064 005 20090127113738.0 100 $a20090127d1973----km-y0itay50------ba 101 0 $aita 102 $aIT 105 $ay-------001yy 200 1 $aGuida per l'ottenimento di attestati di qualifica del personale addetto a controlli non distruttivi$fR.I.NA. 210 $aGenova$cR.I.NA.$d1973 500 10$aGuida per l'ottenimento di attestati di qualifica del personale addetto a controlli non distruttivi$947098 676 $a620.112$v19 710 02$aRegistro italiano navale$029487 801 0$aIT$bUNIPARTHENOPE$c20090127$gRICA$2UNIMARC 912 $a000022064 951 $aS AN 620.112/7$bS 694$cDSA$d2009 996 $aGuida per l'ottenimento di attestati di qualifica del personale addetto a controlli non distruttivi$947098 997 $aUNIPARTHENOPE LEADER 00857nam0-2200313---450- 001 990008792000403321 005 20090115123918.0 010 $a1583911731 035 $a000879200 035 $aFED01000879200 035 $a(Aleph)000879200FED01 035 $a000879200 100 $a20090115d2001----km-y0itaa50------ba 101 1 $aeng 102 $aUS 105 $a--------001yy 200 1 $a<>importance of fathers$fJudth Trowell and Alicia Etchegoyen 210 $aNew York$cBrunner-Routledge$d2001 215 $axvi, 256 p.$d23 cm 676 $a306.84$v19 700 1$aTrowell,$bJudith$0504472 701 1$aEtchegoyen,$bAlicia$0504473 801 0$aIT$bUNINA$gRICA$2UNIMARC 901 $aBK 912 $a990008792000403321 952 $aB 1/73$bs.i.$fDMNUP 959 $aDMNUP 996 $aImportance of fathers$9808249 997 $aUNINA